| 000 | 00559nam a2200217Ia 4500 | ||
|---|---|---|---|
| 001 | 1008 | ||
| 003 | GE_BSU | ||
| 008 | 181216s||||||||xx |||||||||||||| ||und|| | ||
| 020 | _a9666510286 | ||
| 040 | _cGE_BSU | ||
| 080 | _a616-071(075.8):617-089(075.8) | ||
| 100 | _aРадзиховский,А.П;Бобров,О,Е; Ткаченко,А.А; | ||
| 245 | _aРелапаротомия. | ||
| 260 | _aКиев | ||
| 260 | _bФеникс | ||
| 260 | _c2001 | ||
| 300 | _a360 с. | ||
| 541 | _h35 л. | ||
| 653 | _aРелапаротомия | ||
| 942 | _cBK | ||
| 999 |
_c35165 _d35165 |
||